Principles of Wet End Chemistry /

Salvato in:
Dettagli Bibliografici
Autore principale: Scott, William E (Autore)
Natura: Libro
Lingua:inglese
Pubblicazione: Atlanta : Tappi Press, 1996
Tags: Aggiungi Tag
Nessun Tag, puoi essere il primo ad aggiungerne!!

MARC

LEADER 00000nam a22000003a 4500
001 stu24255
005 20150617225742.6
008 961206s1996----xxu-----------------eng-d
020 |a 0-89852-286-2 
040 |a STU  |b slo 
041 0 |a eng 
044 |a xxu 
080 |a 676.1 
100 1 |a Scott, William E  |4 aut 
245 1 |a Principles of Wet End Chemistry /  |c [aut.]Scott,William E 
260 |a Atlanta :  |b Tappi Press,  |c 1996 
300 |a 185 s :  |b Obr.,grafy,lit 
996 |b C94635  |c C*94635  |l CCVIIIA  |s P  |a 0  |w stu24255_0001